01267cam a22003374i 4500003000900000005001700009008004100026035001900067040003300086082002100119100003000140245005600170264008600226300003900312336002100351337002500372338002300397505037600420526001000796526001000806526001000816526001000826526000800836526000800844526000800852526000800860526000800868526000800876526000800884650003700892PE-LiUPU20250731172926.0150623s1969 wau r 000 0 eng d a(Sirsi) a20396 aPE-LiUPUbspacPE-LiUPUerda04a263.1bA557s2231 aAndreasen, M. L.,eautor.14aThe Sabbath: which day and why? /cM. L. Andreasen. 1aTakoma Park, Washington, D.C. :bReview and Herald Publishing Association,c1969. a312 páginas ;c17 centímetros. atext2rdacontent aunmediated2rdamedia avolume2rdacarrier0 aThe sabbath -- An enemy of the sabbath -- The sabbath commandment -- The firts sabbath -- The sabbath at Sinaí -- The sabbath in the old testament -- Christ and the Law -- Jesus and Tradition -- Has the sabbath been changed? -- Sunday in the new testament -- Some questions answered -- Under grace -- God`s sing and seal -- Sabbath Reformation -- The final controversy. aSEG42 aSEG41 aSEG40 aSEG39 aP94 aP87 aP86 aP85 aP77 aP76 aP3500aSábadoxEnseñanza bíblica.